Shane Black Filmography - Statistics

General Stats
  • This quiz has been taken 3 times
  • The average score is 13 of 31
Answer Stats
Hint Answer % Correct
2013 Iron Man 3
100%
2005 Kiss Kiss Bang Bang
100%
1987 Predator
100%
2018 The Predator
100%
1987 Lethal Weapon
67%
1989 Lethal Weapon 2
67%
1992 Lethal Weapon 3
67%
1998 Lethal Weapon 4
67%
1996 The Long Kiss Goodnight
67%
2016 The Nice Guys
67%
2015 Any Day
33%
1997 As Good as it Gets
33%
1988 Dead Heat
33%
TBD Doc Savage
33%
2015 Edge
33%
1993 Last Action Hero
33%
1986 Night of the Creeps
33%
1994 Night Realm
33%
TBD Play Dirty
33%
1993 RoboCop 3
33%
2017 Swing State
33%
1990 The Hunt For Red October
33%
1991 The Last Boy Scout
33%
1987 The Monster Squad
33%
2015 Beat the House
0%
1997 Burn Hollywood Burn
0%
2012 Dust Up
0%
2015 Honeyglue
0%
2017 Joe Dick
0%
TBD Lethal Weapon 5
0%
2007 Monkeys
0%
No matching quizzes found
Score Distribution
Percent of People with Each Score
Percentile by Number Answered
Your Score History
You have not taken this quiz